| 000 | 00455nam a2200157Ia 4500 | ||
|---|---|---|---|
| 008 | 181130s2018 xx 000 0 und d | ||
| 100 | _aBils, Mark | ||
| 245 | _aResurrecting the role of the product market wedge in recessions | ||
| 260 | _c2018 | ||
| 300 | _ap.1118-1146. | ||
| 504 | _dApr | ||
| 650 | _aEconomic recession | ||
| 700 | _aKlenow, Peter J. and Malin, Benjamin A. | ||
| 773 | _aAmerican Economic Review | ||
| 906 | _aEconomic recession | ||
| 999 |
_c506210 _d506210 |
||